00864nam a22001937a 4500952014900000952015000149999001700299003000400316005001700320008004100337020001800378040000900396082001800405100002500423245012300448260004300571300001400614942004200628 00102ddc40708ISLAMaMESbMEScISLd2022-03-10g180.00l6m9o297.61 ZAI/Mp41446r2025-08-16 11:29:54s2025-06-03t1w2022-03-10yBKzGL46R3 00102ddc40708ISLAMaMESbMEScISLd2022-03-10g180.00l10m2o297.61 ZAI/Mp41447r2023-11-09 10:37:43s2023-11-01t2w2022-03-10yBKzGL46R3 c41456d41456OSt20220310115305.0220310b ||||| |||| 00| 0 eng d a9789393016096 coclc a297.61bZAI/M 99016aZainul Abid. T aMalabar Muthal Istanbul vare:bMamburam Sayyid Fazal Thangalude Rashtreeya Daishanika Sancharangal/cDr. T Zainul Abid aKozhikode:bOlive Publications,c2021. a138 pages 2ddccBKh297.61iZAI/Mk297.61mZAI/M